Minucias del lenguaje
Guardat en:
| Autor principal: | |
|---|---|
| Format: | Llibre |
| Idioma: | espanyol |
| Publicat: |
Ciudad de México
Fondo de Cultura Económica
1992
|
| Col·lecció: | Lengua y estudios literarios
|
| Matèries: | |
| Etiquetes: |
Afegir etiqueta
Sense etiquetes, Sigues el primer a etiquetar aquest registre!
|
MARC
| LEADER | 00000nam a2200000 a 4500 | ||
|---|---|---|---|
| 001 | UCX6349 | ||
| 003 | CL-VaPUC | ||
| 008 | 930520e19920000MX |||||||||||||||||spa|d | ||
| 082 | 0 | 4 | |a 460 |b MOR |2 21 |
| 100 | |a Moreno de Alba, José G. |e autor |9 503915 | ||
| 245 | 1 | 0 | |a Minucias del lenguaje |
| 300 | |a 556 p | ||
| 942 | |c BK | ||
| 945 | |d 19930520 00:00:00 | ||
| 260 | |a Ciudad de México |b Fondo de Cultura Económica |c 1992 | ||
| 650 | 0 | |a Lingüística |9 265068 | |
| 650 | 7 | |a ESPAÑOL ENSAYOS |2 CL-VaPUC |9 322789 | |
| 583 | |a last modification |c 19930520 00:00:00 |k Rodrigo Vera | ||
| 490 | 0 | |a Lengua y estudios literarios | |
| 999 | |c 226377 |d 226375 | ||
| 952 | |0 0 |1 0 |4 0 |6 460_000000000000000_MOR_1992 |7 0 |8 A |9 224675 |a BIBEDU |b BIBEDU |d 2019-11-15 |i 2934442 |o 460 MOR 1992 |p 2934442 |r 2019-11-15 |w 2019-11-15 |y BK |k LIT | ||